00469nam a22001697a 450000500170000001000350001702000260005203500130007803500130009103700090010408200060011310000170011924500460013626000350018227000600021730000220027720190917104336.0 aB-706485 B-730003 a9780143103776c250.00 aB-706485 aB-730003 bGift aS aMurty, Sudha aGently falls the Bakula /cby Sudha Murty aNew DelhibPenguin Booksc2008 a11 Community Centre, Panchsheel ParkbNew Delhie110017 a169p.c20cm.(pbk)